Encyclopedia of concert music

Guardat en:
Dades bibliogràfiques
Autor principal: Ewen, David (Autor)
Format: Llibre
Idioma:anglès
Publicat: Nueva York Hill and Wang 1959
Matèries:
Etiquetes: Afegir etiqueta
Sense etiquetes, Sigues el primer a etiquetar aquest registre!

MARC

LEADER 00000nam a2200000 a 4500
001 UCN1122
003 CL-VaPUC
008 010420e19590000US |||||||||||||||||eng|d
082 0 4 |a 780.3  |b EWE  |2 21 
100 0 |a Ewen, David  |e author  |9 456530 
245 1 0 |a Encyclopedia of concert music 
300 |a 566 p 
942 |c BK 
945 |d 20010420 00:00:00  |a crobeson 
260 |a Nueva York  |b Hill and Wang  |c 1959 
650 7 |a MUSICA ENCICLOPEDIAS  |2 CL-VaPUC  |9 456531 
650 0 |a Biobibliografías  |9 412305 
650 0 |a Músicos  |9 306340 
650 0 |a Compositores  |9 306451 
650 0 |a Música clásica  |9 349684 
650 0 |a Teoría musical  |9 265760 
583 |a last modification  |c 20010420 00:00:00  |k Rodrigo Vera 
999 |c 294699  |d 294697 
952 |0 0  |1 0  |4 0  |6 780_300000000000000_EWE_1959  |7 0  |8 F  |9 347390  |a BIBEDU  |b BIBEDU  |d 2019-11-20  |i 1248243  |o 780.3 EWE 1959  |p 1248243  |r 2023-01-12  |w 2019-11-20  |y BK_F  |k MUS